00447pab a2200169 454500008004000000100002100040245004700061260000900108300001300117362000800130650003100138650002600169650002600195650001000221700002500231773002100256180718b2001 xxu||||| |||| 00| 0 eng d aHaskel, Jonathan aTrade, technology and U.K. wage inequality c2001 ap.163-87 aJan aTechnology - Great Britain aTrade - Great Britain aWages - Great Britain aWages aSlaughler, Mathew J. aEconomic Journal